000 00381nam a22001457a 4500
008 250404b |||||||| |||| 00| 0 eng d
020 _a9783540080090
050 _aRC394
_b.P37
100 _aPappius Hanna M.
245 _aDynamics of Brain Edema
260 _aNew york
_bSpringer-verlag
_c1976
300 _axiv,404p
650 _aBlood Brain Barrier
_vCerebral Edema
942 _cBK
999 _c2865
_d2865